• 首页
  • 本馆介绍
  • 公告通知
  • 最新文献
  • 馆藏检索
  • 电子资源
  • 读者导购
  • 参考咨询
  • 我的图书馆
  • 登录
  • 详细信息显示
  • 放入我的书架
  • 预约/预借图书
  • 作者相关作品
  • 分类相关作品
  • 丛书相关作品
  • 出版社相关作品

书目信息

  • 表格格式
  • 工作单格式
  • 卡片格式
题名:
对外贸易文书写作
    
 
作者: 诸葛瑞英 , 陈星鹤 主编
分册:  
出版信息: 北京   中国人民大学出版社  1992
页数: 385页
开本: 20cm
丛书名:
单 册:
中图分类: H152.3
科图分类: 41.2383
主题词: 对外贸易-应用文-写作 , 应用文-对外贸易-写作 , 写作-应用文-对外贸易
电子资源:
ISBN: 7-300-01414-3
000 01087nam0 2200301 45
001 0193023775
005 20070602165350.89
010    @a7-300-01414-3@dCNY13.90
100    @a19800101d1992 em y0chiy0121 ea
101 0  @achi
102    @aCN@b110000
105    @ay z 000yy
200 10 @a对外贸易文书写作@ADUI WAI MAO YI WEN SHU XIE ZUO@f诸葛瑞英,陈星鹤主编@FZHU GE RUI YING , CHEN XING HE ZHU BIAN
210    @a北京@c中国人民大学出版社@d1992
215    @a385页@d20cm
314    @a陈星鹤,湖南省经济管理干部学院任教
314    @a诸葛瑞英,北京冶金管理干部学院任教
330    @a本书内容包括:为开展进出口业务并为之服务的各种文书,签订商品和技术贸易项目所需要撰写的各种合同、协议书及执行合同中发生争议时所需的专用文件等。
540 1  @a对外 贸易 写作@ADUI WAI MAO YI XIE ZUO
606    @a对外贸易-应用文-写作
606    @a应用文-对外贸易-写作
606    @a写作-应用文-对外贸易
690    @aH152.3
692    @a41.2383
701  0 @a诸葛瑞英@AZHU GE RUI YING@4主编
701  0 @a陈星鹤@ACHEN XING HE@4主编
801  0 @aCN@bTSSF@c20070602
905    @a10447@dH152.3@e386
    
    对外贸易文书写作/诸葛瑞英,陈星鹤主编.-北京:中国人民大学出版社,1992
    385页;20cm
    
    
    ISBN 7-300-01414-3:CNY13.90
    本书内容包括:为开展进出口业务并为之服务的各种文书,签订商品和技术贸易项目所需要撰写的各种合同、协议书及执行合同中发生争议时所需的专用文件等。
●
相关链接 在E读中查询图书 在五车中查询图书 在当当中查询图书 在豆瓣中查询图书


正题名:对外贸易文书写作     索取号:H152.3/386         预约/预借

序号 登录号 条形码 馆藏地/架位号 状态 备注
1 0397691   203976910   第二样本阅览室/ [索取号:H152.3/386] 在馆    
2 0397692   203976929   密集书库/ [索取号:H152.3/386] 在馆    
3 0397693   203976938   密集书库/ [索取号:H152.3/386] 在馆    
4 0397694   203976947   密集书库/ [索取号:H152.3/386] 在馆    
5 0397695   203976956   密集书库/ [索取号:H152.3/386] 在馆    
唐山师范学院图书馆 欢迎您!
大连网信软件有限公司© 版权所有